| 000 | 00846cad a22001935a 4500 | ||
|---|---|---|---|
| 001 | L149979 | ||
| 008 | 100520e20100520xxk 000 0 eng d | ||
| 035 | _a(Sirsi) u149979 | ||
| 041 | 0 | _aeng | |
| 110 | 2 |
_aRoyal Institution of Chartered Surveyors _94900 |
|
| 245 | 0 | 0 |
_aSuspension of Home Information Packs _h[electronic resource] |
| 260 | _c2010 | ||
| 520 | _aHome Information Packs (HIP) suspended from 21 May pending abolition. Letter from Housing Minister Eric Pickles to RICS Chief Executive Louis Armstrong explaining decison. | ||
| 590 | _aKA | ||
| 651 | 4 | _aENGLAND AND WALES 1543 | |
| 690 | _aPROPERTY-RESIDENTIAL PROPERTY-ACQUISITION AND DISPOSAL OF RESIDENTIAL PROPERTY-HOME BUYING REFORM | ||
| 856 | 4 | 8 |
_uhttps://www.rics.org/site/scripts/news_article.aspx?newsID=1470 _z View this item free of charge at www.rics.org |
| 942 | _n0 | ||
| 999 |
_c82354 _d82354 |
||